000 01278nam a2200229Ia 4500
001 L264-20610
003 IT-CnALBA
008 170116s9999||||xx |||||||||||||| ||und||
040 _aIT-CnALBA
_cIT-CnALBA
041 _aITALIANO
100 _aCARDINI LUIGI, SAC.
245 0 _aLA SACRA LITURGIA. GUIDA OER IL SETTIMO CORSO DI CULTURA RELIGIOSA DELL'A.C.I.
250 _a1a ed.
260 _aROMA
_bCENAC. CENTRO NAZ. ATTIVITÀ CATECH. RO'
_c1953 [1° Ed.:1953 - Ed.Ling.Originale: 1953]
300 _a435 p. (prefazione: 10)
500 _aINCONTRO DELL'UOMO CON DIO. GESÙ MEDIATORE. LA CHIESA CONTINUATRICE DELL'OPERA DI CRISTO. LITURGIA SACERDOZIO DI CRISTO E DELLA CHIESA. SACRIFICIO MESSA. ASSEMBLEA. LUOGHI E TEMPI LITURGICI. CICLO NATALE PASQUA PENTECOSTE. MODI E STRUMENTI DELL'AZIONE LIT
501 _aSocietà San Paolo EM - Piazza San Paolo, 14 - 12051 ALBA (CN) (non commercial uses only) ® Copyright 2017
520 _aINCONTRO DELL'UOMO CON DIO. GESÙ MEDIATORE. LA CHIESA CONTINUATRICE DELL'OPERA DI CRISTO. LITURGIA SACERDOZIO DI CRISTO E DELLA CHIESA. SACRIFICIO MESSA. ASSEMBLEA. LUOGHI E TEMPI LITURGICI. CICLO NATALE PASQUA PENTECOSTE. MODI E STRUMENTI DELL'AZIONE LIT
650 _aCULTO PUBBLICO LITURGIA
942 _cBK
957 _71
999 _a25348
_bNO
_g Copie: 1
_c279727
_d279727